Flags Quiz - Statistics

General Stats
  • This quiz has been taken 10 times
  • The average score is 7 of 10
Answer Stats
Question Answer % Correct
Which Flag has a tree in the middle? Lebanon
90%
Which Flag has the most stars USA
90%
Which flag has red on the top and bottom and blue in the middle, and there is a big white circle in the middle Laos
80%
Which Flag has two triangles Nepal
80%
Which Flag is a red everywhere and in the middle has a white cross Switzerland
80%
Which Flag has 50% yellow on the top, 25% blue in the middle, and 25% red on the bottom Colombia
70%
Which flag has light blue on the top and bottom, and in the middle is white with 5 blue stars Honduras
70%
Which flag is the same Flag of U.S.A, but instead of it having the fifty stars it has one big star Liberia
70%
Georgia has how many crosses on its flag? 4
40%
Which Flag has dark red at the top and white at the bottom Monaco
30%
No matching quizzes found
Score Distribution
Percent of People with Each Score
Percentile by Number Answered
Your Score History
You have not taken this quiz